000 00305nam a2200133Ia 4500
008 230917s9999||||xx |||||||||||||| ||und||
040 _e182809
_aMAIN
041 _aEnglish
082 _a780.5 S58S
100 _aGarg, Luxminarayan
245 0 _aSangeet bharva that ank
300 _a170 p.
942 _cBK
999 _c38492
_d38492